01376cam a2200349 i 450000100090000000300090000900500170001800800410003502000150007602000180009104000430010908200200015211100480017224501930022024600140041326400440042726400100047130000460048133600260052733700280055333800270058149000580060850400510066665000390071765100100075665300250076665500170079170000340080894200120084299900170085495201550087113807994EG-ScBUE20240909093714.0041207t2005 gw a f b 101 0 eng d a3540243186 a9783540243182 aCUIbengerdacCUIdC$QdDLCdEG-ScBUE04222a511.35bIMP2 aCIAA (Conference)d(2004 :cKingston, Ont.)10aImplementation and application of automata :b9th international conference, CIAA 2004, Kingston, Canada, July 22-24, 2004 : revised selected papers /cMichael Domaratzki [and three others]30aCIAA 2004 1aBerlin ;aNew York :bSpringer,c[2005] 4cc2005 axii, 336 pages :billustrations ;c24 cm. 2rdacontentatextbtxt aunmediated2rdamediabn avolumebnc2rdacarrier0 aLecture notes in computer science,x0302-9743 ;v3317 aIncludes bibliographical references and index. 7aMachine theoryvCongresses.2BUEsh 2BUEsh bCOMSCIcDecember2016 vReading book1 aDomaratzki, Michael,eauthor. 2ddccBB c23765d23737 00102ddc40708Scien. H.aMAINbMAINc1STd2016-12-27ePurchaseg465.00h2691l0o511.35 IMPp000040657r2025-07-15 00:00:00v581.25w2016-12-27yBB